000 00492nam a2200169Ia 4500
005 20250424120249.0
008 250424s9999 xx 000 0 und d
022 _a22775667
050 _aTA 1 .I58/
245 0 _aInternational journal of engineering and techical mathematics
260 _aIkot Ekpene
260 _bIJETM
260 _c2018
300 _axvii, 165 p. :ill. ; 26 cm.
650 _aEngineering--Periodicals. Mathematics--Periodicals. Science--Periodicals.
942 _cSR
999 _c38313
_d38313